Most Popular US Websites (2014) Quiz Stats

 Plays Quiz Updated Mar 27, 2015

Challenge
Share
Tweet
Embed
Score 0/15 Timer 03:00
0 Plays Today
% Correct
amazon.com
95%
facebook.com
90.8%
google.com
89.8%
youtube.com
87.6%
twitter.com
82.4%
wikipedia.org
82.4%
ebay.com
76.9%
yahoo.com
68%
% Correct
craigslist.org
57.9%
reddit.com
48.9%
espn.go.com
48.6%
tumblr.com
46.2%
linkedin.com
38.8%
imgur.com
22.1%
go.com
12.3%

You're not logged in!

Compare scores with friends on all Sporcle quizzes.
Join for Free
OR
Log In

You Might Also Like...

Show Comments

Extras

Top Quizzes Today


Score Distribution

Your Account Isn't Verified!

In order to create a playlist on Sporcle, you need to verify the email address you used during registration. Go to your Sporcle Settings to finish the process.

Report this User

Report this user for behavior that violates our Community Guidelines.

Details: